Normal view MARC view
  • Portillo Peñuelas, Samuel Alejandro

Entry Nombre Personal

Number of records used in: 1

001 - NUMERO DE CONTROL

  • campo de control: 50559

003 - IDENTIFICADOR DE NUMERO DE CONTROL

  • campo de control: UPN

005 - FECHA Y HORA DE LA ÜLTIMA TRANSACCIÓN

  • campo de control: 20231107101250.0

008 - DATOS DE LONGITUD FIJA

  • campo de control de longitud fija: 231107|| acz||aabn | a|a d

024 ## - OTROS IDENTIFICADORES NORMALIZADOS

  • Fuente: orcid
  • Número normalizado o código: https://orcid.org/0000-0002-1521-6619

040 ## - FUENTE DE CATALOGACIÓN

  • Agencia original de catalogación: MX-MxUPN

100 1# - ENCABEZAMIENTO - NOMBRE PERSONAL

  • Nombre personal: Portillo Peñuelas, Samuel Alejandro

370 ## - LUGAR ASOCIADO

  • Place of birth: Sonora, México

372 ## - CAMPO DE ACTIVIDAD

  • Field of activity: Educación, formación docente, construcción del sí mismo y sujetos escolares.
  • Field of activity: Docencia e investigación

373 ## - GRUPO ASOCIADO

  • Associated group: Instituto Tecnológico de Sonora

374 ## - OCUPACIÓN

  • Occupation: Doctor en educación
  • Occupation: Profesor e investigador universitario

670 ## - FUENTE EN LA QUE SE LOCALIZARON DATOS

  • Cita de la fuente: En recurso en línea Ciencias psicológicas Vol. 7, no. 1 (2023):
  • Información localizada: página 1 (Samuel Alejandro Portillo Peñuelas)
  • Uniform Resource Identifier: https://revistas.ucu.edu.uy/index.php/cienciaspsicologicas/article/view/2912/2800

902 ## - CATALOGADOR

  • Catalogador: RGJD/071123